| 000 | 00000nam 2200000zi 4500 |
| 001 | 9.904827 |
| 003 | CaOODSP |
| 005 | 20230922090713 |
| 006 | m o d f |
| 007 | cr |n||||||||| |
| 008 | 211112s2016 onca o f|0| 0 eng d |
| 043 | |an-cn--- |
| 086 | 1 |aR5-778/2016E-PDF |
| 245 | 00|aDo you have a will? |
| 264 | 1|a[Ottawa] : |bIndigenous and Northern Affairs Canada = Affaires autochtones et du nord Canada, |c[2016] |
| 300 | |a1 online resource (1 pages) : |billustrations |
| 336 | |atext|btxt|2rdacontent |
| 337 | |acomputer|bc|2rdamedia |
| 338 | |aonline resource|bcr|2rdacarrier |
| 500 | |aIssued also in French under title: Avez-vous un testament? |
| 500 | |aCaption title. |
| 650 | 0|aEstate planning|zCanada. |
| 710 | 1 |aCanada. |bIndigenous and Northern Affairs Canada, |eissuing body. |
| 775 | 08|tAvez-vous un testament?|w(CaOODSP)9.907469 |
| 794 | |tDo you have a will?|w(CaOODSP)9.925402 |
| 856 | 40|qPDF|s609 KB|uhttps://publications.gc.ca/collections/collection_2022/rcaanc-cirnac/R5-778-2016-eng.pdf |
| 040 | |aCaOODSP|beng|erda|cCaOODSP |